00761nam a2200181 a 4500008004100000020001800041050001500059100002600074245010700100250001200207260004400219300003700263650001300300700002400313995009400337999001700431952013100448130423s2007 ||||||||||||||||| || u a9780618730681 aQA 453 Ale aKoeberlein, Geralyn M10aElementary Geometry: for college students. (4th ed.)cby Daniel C. Alexander and Geralyn M. Koeberlein a4th ed. aBoston:bHoughton Mifflin Companyc2007 ax, 519p. (various pagings): ill. aGeometry aAlexander, Daniel C FCBU-MAIN LIBRARY (Kitwe)M1UAVAILABLEWMay 31, 2013ZMain Library Open Access Collection c41604d41604 00102lcc4070a001b001cMain Library Open Access Collectiond2022-11-30l0oQA 453 Alep743815r2022-11-30w2022-11-30y002